000
00260nam a22001217a 4500
008
181020b xxu||||| |||| 00| 0 eng d
041
_a
eng
080
_a
316
100
_a
50
101
_a
SOC
245
_a
American Minorities
_c
Barron, M.L
942
_2
udc
_c
BK
999
_c
50338
_d
50338